00816nam a2200217Ia 4500003000400000005001700004006001800021007000300039008004100042024001000083037001100093040001800104041001300122100002400135110010400159245013700263260004500400650001700445700003200462700010400494OSt20220930084614.0a|||||r|||| 00| 0ta220926b |||||||| |||| 00| 0 eng d a85106 cTheses aCRLcCRLbeng 2engaeng aSharma Deepak Chand aUniversity of Delhi. Faculty of Inter-disciplinary and Applied Sciences. Department of Microbiology 0aThermostable and alkalistable pectinase of bacillus pumilus b Production characterization and its applicability in fibre processing aDelhibUniversity of Delhi India c2006 aMICROBIOLOGY a Prof. T. Satyanarayana Gu. aUniversity of Delhi. Faculty of Inter-disciplinary and Applied Sciences. Department of Microbiology